000 00366cam a2200145ua 4500
041 _aeng
_h
082 _a954
_bSRI/MA
100 _aSridharan, K .
245 _aMaritime history of India /
_cK Sridharan.
_hTextual Documents
260 _aIndia :
_bMinistry of I&B, Govt. of India ,
_c1965.
300 _a170 ; .
504 _a
942 _cBK
999 _c427
_d427